Loading...
| Beliefs | 1 | 2 | 0 | 0 | 35 | 67 | 107.33 | 0 | 2 |
| Philosophy | 0 | 3 | 0 | 0 | 30 | 104 | 117.33 | 0 | 0 |
| Science - Other Science | 1 | 2 | 1 | 1 | 30 | 71 | 90.00 | 1 | 2 |
| Social Science | 0 | 3 | 0 | 3 | 30 | 121 | 125.67 | 0 | 0 |
| History - World History | 0 | 3 | 1 | 1 | 25 | 95 | 112.67 | 0 | 2 |
| Fine Arts - Other Arts | 0 | 2 | 0 | 1 | 20 | 123 | 128.00 | 0 | 0 |
| History - American History | 0 | 2 | 0 | 1 | 20 | 113 | 117.00 | 0 | 1 |
| Visual Arts | 0 | 1 | 0 | 1 | 10 | 129 | 129.00 | 1 | 1 |
| History - Ancient History | 0 | 1 | 0 | 0 | 10 | 106 | 106.00 | 0 | 0 |
| Literature - American Literature | 0 | 1 | 0 | 1 | 10 | 141 | 141.00 | 0 | 1 |
| Literature - World Literature | 0 | 1 | 0 | 1 | 10 | 154 | 154.00 | 0 | 0 |
| Other Academic | 0 | 1 | 0 | 0 | 10 | 108 | 108.00 | 0 | 0 |
| Science - Physics | 0 | 1 | 0 | 1 | 10 | 129 | 129.00 | 0 | 0 |
| Auditory Arts | 0 | 0 | 0 | 0 | 0 | 0.00 | 0 | 0 |